000 00226nam a22000857a 4500
008 170301b xxu||||| |||| 00| 0 eng d
100 _92969
_aAllen.C
245 _aGrovers Guide to good Mannars
260 _aNew delhi
_bScholastcs
_c2006
999 _c6213
_d6213